[Event "San Jose Metropolitano op-B 45th"]
[Site "San Jose"]
[Date "2024.12.27"]
[Round "3"]
[White "Jimenez Esquivel, Greivin"]
[Black "Solis Prieto, Javier"]
[Result "0-1"]
[WhiteElo "1895"]
[BlackElo "1722"]
[PlyCount "48"]
[EventDate "2024.12.26"]
[EventType "tourn"]
[EventRounds "9"]
[EventCountry "CRI"]
[SourceTitle "CB02_2025"]
[SourceDate "2025.01.08"]
[SourceVersion "1"]
[SourceVersionDate "2025.01.08"]
[SourceQuality "1"]

1. e4 c5 2. d4 cxd4 3. c3 dxc3 4. Nxc3 e6 5. Nf3 a6 6. Be2 Nc6 7. 0-0 Nge7 8. Bg5 h6 9. Bh4 g5 10. Bg3 d5 11. exd5 Nxd5 12. Ne4 f5 13. Nfxg5 hxg5 14. Bh5+ Kd7 15. Re1 f4 16. Bg4 Kc7 17. Rc1 fxg3 18. Nxg3 Bd6 19. Bxe6 Bxe6 20. Rxe6 Bxg3 21. fxg3 Qd7 22. Re5 Rad8 23. Rxg5 Nf6 24. Qf3 Qd4+ 0-1

[Event "CRI-chT"]
[Site "San Jose"]
[Date "2024.04.28"]
[Round "1.1"]
[White "Jimenez Esquivel, Greivin"]
[Black "Carrillo Naranjo, Gerardo"]
[Result "1-0"]
[WhiteElo "1893"]
[BlackElo "1818"]
[PlyCount "72"]
[EventDate "2024.04.28"]
[EventType "team-swiss"]
[EventRounds "7"]
[EventCountry "CRI"]
[SourceTitle "EXT 2025"]
[Source "ChessBase"]
[SourceDate "2024.10.14"]
[SourceVersion "1"]
[SourceVersionDate "2024.10.14"]
[SourceQuality "1"]
[WhiteTeam "Equipo Senior"]
[BlackTeam "Adasianos CC"]
[WhiteTeamCountry "CRI"]
[BlackTeamCountry "CRI"]

1. d4 e6 2. Bf4 Nf6 3. e3 d5 4. Nf3 Nbd7 5. Nbd2 Be7 6. Bd3 0-0 7. Ne5 c5 8. c3 b6 9. g4 Bb7 10. g5 Ne4 11. h4 Nxe5 12. Bxe5 f6 13. gxf6 Bxf6 14. Bxe4 dxe4 15. Bg3 Qd5 16. Qb3 Rac8 17. Qxd5 exd5 18. Nb3 Ba6 19. dxc5 Bc4 20. Nd2 Bd3 21. cxb6 axb6 22. Bd6 Rf7 23. Bb4 Ra7 24. a3 Re8 25. Nf1 Bxf1 26. h5 Bg5 27. Rg1 h6 28. Rg3 Re6 29. f4 Bh4 30. Kd2 Bd8 31. Bc5 Rb7 32. Bd4 Bf6 33. Bxf6 Rxf6 34. Rg6 Rd6 35. b3 Ra7 36. Ra2 Rxg6 1-0